| 000 | 00541nam a22001817a 4500 | ||
|---|---|---|---|
| 003 | CEME | ||
| 005 | 20210628203135.0 | ||
| 008 | 210223b xxu||||| |||| 00| 0 eng d | ||
| 020 | _a0-8493-1162-4 | ||
| 040 | _c. | ||
| 082 | _a621 OPT | ||
| 100 |
_aCho, Hyungsuck _963571 |
||
| 245 | _aOpto-mechatronic systems handbook, techniques and applications | ||
| 260 |
_aNEW YORK _bCRC PRESS _c2002 |
||
| 300 | _a400P | ||
| 650 |
_aMECHATRONICS HANDBOOK, MANUALS, ELECTROOPTICS INDUSTRIAL APPLICATION HANDBOOK MANUALS _963572 |
||
| 942 |
_cBK _2ddc |
||
| 999 |
_c572348 _d572348 |
||